|
|
|
|
| LEADER |
00949cam a2200277 7i4500 |
| 001 |
0000071721 |
| 005 |
20221013090000.0 |
| 020 |
|
|
|a 9780133427530 (electronic book)
|
| 090 |
0 |
0 |
|a HF5636
|b .H37 2015
|
| 100 |
1 |
|
|a Harrison, Walter T
|
| 245 |
1 |
0 |
|a Financial accounting
|c Walter T. Harrison Jr., Charles T. Horngren, C. William (Bill) Thomas.
|
| 250 |
|
|
|a Tenth edition.
|
| 264 |
|
|
|a Boston:
|b Pearson,
|c 2015.
|
| 300 |
|
|
|a 1 online resource (xxvi, 885 pages):
|b text file, PDF.
|
| 336 |
|
|
|a text
|2 rdacontent
|
| 337 |
|
|
|a computer
|2 rdamedia
|
| 338 |
|
|
|a online resource
|2 rdacarrier
|
| 650 |
|
0 |
|a Accounting
|
| 655 |
|
0 |
|a Electronic books
|
| 700 |
1 |
|
|a Horngren, Charles T
|
| 700 |
1 |
|
|a Thomas, C. William
|
| 856 |
4 |
2 |
|u http://library.unisel.edu.my/web/guest/mylibrary
|
| 997 |
|
|
|a Business & Accountancy, Faculty
|
| 998 |
|
|
|a Accountancy, Diploma
|
| 998 |
|
|
|a Accountancy, Degree
|
| 999 |
|
|
|a EBO0014636
|b EBOOK
|c EBOOK
|e Electronic resources
|